|
|
|
|
| LEADER |
00000ntm a22000007u 4500 |
| 001 |
zp35011 |
| 041 |
|
|
|a cze
|
| 100 |
1 |
|
|a Lávičková, Ilona
|4 dis
|
| 245 |
1 |
0 |
|a Jan Amos Komenský a jeho vliv na sociální pedagogiku
|
| 246 |
|
|
|a J. A. Comenius and His Influence on Social Pedagogy
|
| 260 |
|
|
|c 2014
|
| 300 |
|
|
|a 66 s. (103 736)
|
| 500 |
|
|
|a Studijní obor: Sociální pedagogika
|
| 500 |
|
|
|a Studijní obor: Social pedagogy
|
| 500 |
|
|
|a Ústav: Katedra pedagogiky a psychologie
|
| 500 |
|
|
|a Univerzita Tomáše Bati ve Zlíně. Fakulta humanitních studií
|
| 500 |
|
|
|a Tomas Bata University in Zlín. Faculty of Humanities
|
| 506 |
|
|
|a Bez omezení
|
| 653 |
|
|
|a Sociální pedagogika
|
| 653 |
|
|
|a vzdělávání
|
| 653 |
|
|
|a výchova
|
| 653 |
|
|
|a škola
|
| 653 |
|
|
|a univerzita
|
| 653 |
|
|
|a pedagog
|
| 653 |
|
|
|a didaktika
|
| 653 |
|
|
|a společnost
|
| 653 |
|
|
|a marginální skupiny
|
| 653 |
|
|
|a filozofie
|
| 653 |
|
|
|a teologie
|
| 653 |
|
|
|a náboženství
|
| 653 |
|
|
|a mravní výchova
|
| 653 |
|
|
|a mír
|
| 653 |
|
|
|a rovnoprávnost
|
| 653 |
|
|
|a Social pedagogy
|
| 653 |
|
|
|a education
|
| 653 |
|
|
|a training
|
| 653 |
|
|
|a school
|
| 653 |
|
|
|a university
|
| 653 |
|
|
|a pedagogue
|
| 653 |
|
|
|a didactics
|
| 653 |
|
|
|a society
|
| 653 |
|
|
|a marginal groups
|
| 653 |
|
|
|a philosophy
|
| 653 |
|
|
|a theology
|
| 653 |
|
|
|a religion
|
| 653 |
|
|
|a moral education
|
| 653 |
|
|
|a peace
|
| 653 |
|
|
|a equality
|
| 655 |
|
4 |
|a bakalářská práce
|
| 700 |
1 |
|
|a Jůzl, Miloslav
|4 ths
|
| 710 |
2 |
|
|a Univerzita Tomáše Bati ve Zlíně. Fakulta humanitních studií
|4 dgg
|
| 710 |
2 |
|
|a Tomas Bata University in Zlín. Faculty of Humanities
|4 dgg
|
| 856 |
4 |
0 |
|u http://hdl.handle.net/10563/29135
|y Plný text v Digitální knihovně UTB
|